Apostolado y familia

Saved in:
Bibliografiske detaljer
Institution som forfatter: Family Life Bureau (Author)
Format: Bog
Sprog:spansk
Udgivet: Madrid El Perpetuo Socorro 1964
Serier:Unidos en Cristo: curso de preparación al matrimonio, 10
Fag:
Tags: Tilføj Tag
Ingen Tags, Vær først til at tagge denne postø!

MARC

LEADER 00000nam a2200000 a 4500
001 UCL5381
003 CL-VaPUC
008 040312e19640000SP |||||||||||||||||spa|d
082 0 4 |a 261.835  |b FAM  |2 21 
110 2 |a Family Life Bureau  |e author  |9 483124 
245 1 0 |a Apostolado y familia 
300 |a 23 p 
942 |c BK 
945 |d 20040312 00:00:00  |a vberengu 
260 |a Madrid  |b El Perpetuo Socorro  |c 1964 
650 7 |a MATRIMONIO  |2 CL-VaPUC  |9 483125 
650 0 |a Familias   |9 255641 
650 0 |a Apostolado  |9 398055 
583 |a last modification  |c 20040312 00:00:00  |k Rodrigo Vera 
490 0 |a Unidos en Cristo: curso de preparación al matrimonio, 10 
999 |c 307990  |d 307988 
952 |0 0  |1 0  |4 0  |6 261_835000000000000_FAM_1964  |7 0  |8 A  |9 374188  |a BIBTEO  |b BIBTEO  |d 2019-11-21  |i 3383547  |o 261.835 FAM 1964  |p 3383547  |r 2025-01-17  |w 2019-11-21  |y BK  |k ICR